[Event "Sparkassen Open A"]
[Site "Dortmund GER"]
[Date "2012.07.21"]
[Round "8.31"]
[White "Elefteriadis, Paul-Gabriel"]
[Black "Maniocha, Marek"]
[Result "1-0"]
[WhiteElo "1880"]
[BlackElo "2035"]
[WhiteFideId "24626236"]
[BlackFideId "4636821"]
[EventDate "2012.07.14"]

1. c4 e5 2. g3 Nf6 3. Bg2 d6 4. Nc3 Nc6 5. Nf3 Be7 6. O-O O-O 7. d4 exd4 8. Nxd4
Nxd4 9. Qxd4 c6 10. b3 Be6 11. Bb2 Qd7 12. Rfd1 Rfd8 13. Rac1 Bh3 14. Ne4 Bxg2
15. Kxg2 Qf5 16. Nxf6+ Bxf6 17. Qd2 d5 18. Bxf6 Qxf6 19. Qd4 Qe7 20. Qg4 dxc4
21. Qxc4 Rd7 22. Qg4 Rxd1 23. Rxd1 Re8 24. Rd7 Qe5 25. Rxb7 g6 26. Qc4 Qf5 27.
Rxa7 Re6 28. Qd4 Re8 29. Rd7 h5 30. Rd8 Qe6 31. Rxe8+ Qxe8 32. e3 Qb8 33. Qc5
Qe8 34. f3 Qe6 35. Qd4 Qf5 36. e4 Qb5 37. Qd2 Qc5 38. Kf1 Kh7 39. a4 Qe7 40. Qc3
Qd6 41. Ke2 h4 42. f4 hxg3 43. hxg3 Qe6 44. Qf3 Qf6 45. e5 Qf5 46. Qxc6 Qg4+ 47.
Qf3 Qc8 48. Qd3 Qc5 49. Qc4 Qa7 50. b4 Kg7 51. f5 Qg1 52. fxg6 Qg2+ 53. Kd1 Qf3+
54. Kc2 Qf2+ 55. Kb1 Qe1+ 56. Kb2 Kxg6 57. Qc3 Qe2+ 58. Qc2+ 1-0

[Event "Sparkassen Open A"]
[Site "Dortmund GER"]
[Date "2012.07.21"]
[Round "8.34"]
[White "Schleich, Theodor"]
[Black "Huebben, Dominik"]
[Result "1-0"]
[WhiteElo "2102"]
[BlackElo "1836"]
[WhiteFideId "24615218"]
[BlackFideId "12914347"]
[EventDate "2012.07.14"]

1. d4 e6 2. e4 d5 3. e5 c5 4. c3 Nc6 5. Nf3 Bd7 6. a3 Qc7 7. Bd3 f6 8. O-O O-O-O
9. Re1 h6 10. Nbd2 f5 11. dxc5 Bxc5 12. b4 Be7 13. c4 dxc4 14. Nxc4 Be8 15. Qe2
g5 16. Bb2 g4 17. Nfd2 Kb8 18. Nb3 Bg5 19. Nc5 Qf7 20. Nd6 Qg6 21. Ncxb7 Rd7 22.
Nc5 Rg7 23. Ba6 Nce7 24. Nxe6 Qxe6 1-0

[Event "Sparkassen Open A"]
[Site "Dortmund GER"]
[Date "2012.07.21"]
[Round "8.39"]
[White "Hartung, Thomas2"]
[Black "Boldt, Manfred"]
[Result "0-1"]
[WhiteElo "2013"]
[BlackElo "1946"]
[WhiteFideId "4639146"]
[BlackFideId "24655970"]
[EventDate "2012.07.14"]

1. e4 c5 2. Nf3 g6 3. d4 cxd4 4. Nxd4 Bg7 5. Bc4 a6 6. Bb3 Nf6 7. Nc3 d6 8. O-O
O-O 9. h3 Nbd7 10. Be3 Nc5 11. f3 Bd7 12. Qe1 Rc8 13. Rd1 Qc7 14. g4 Nxb3 15.
cxb3 Qa5 16. Qg3 b5 17. h4 b4 18. Nce2 e5 19. Nf5 gxf5 20. exf5 Bb5 21. Rf2 Rc2
22. Re1 Nd5 23. Bc1 Rfc8 24. Nc3 Rxc1 25. Rxc1 bxc3 26. bxc3 Nxc3 27. Rcc2 Qb6
28. Kg2 Qb7 29. g5 Bd3 30. f6 Bxc2 31. Rxc2 Bf8 32. h5 e4 33. f4 e3+ 34. Kh2 Qe4
35. Rg2 e2 36. g6 fxg6 37. hxg6 hxg6 38. Rg1 Bh6 0-1

[Event "Sparkassen Open A"]
[Site "Dortmund GER"]
[Date "2012.07.21"]
[Round "8.43"]
[White "Deinert, Wolfgang"]
[Black "Sieberg, Rolf"]
[Result "1/2-1/2"]
[WhiteElo "1811"]
[BlackElo "1931"]
[WhiteFideId "4685229"]
[BlackFideId "4661257"]
[EventDate "2012.07.14"]

1. e4 e5 2. Nf3 Nc6 3. Bb5 a6 4. Ba4 Nf6 5. O-O Be7 6. Re1 b5 7. Bb3 O-O 8. c3
d5 9. exd5 Nxd5 10. Nxe5 Nxe5 11. Rxe5 c6 12. d4 Bd6 13. Re1 Qh4 14. g3 Qh3 15.
Qd3 Bf5 16. Qf1 Qh5 17. f4 Bh3 1/2-1/2

[Event "Sparkassen Open A"]
[Site "Dortmund GER"]
[Date "2012.07.22"]
[Round "9.1"]
[White "Zaitsev, Mikhail"]
[Black "Jesse, Ingemars"]
[Result "1-0"]
[WhiteTitle "IM"]
[WhiteElo "2505"]
[BlackElo "2349"]
[WhiteFideId "4127560"]
[BlackFideId "11602724"]
[EventDate "2012.07.14"]

1. e4 g6 2. d4 Bg7 3. Nf3 b6 4. Bc4 Bb7 5. Qe2 h6 6. O-O a6 7. Nc3 d6 8. d5 c5
9. a4 Nd7 10. Bf4 Qc7 11. Bg3 h5 12. Rad1 Nh6 13. h3 Bf6 14. Rfe1 Kf8 15. Bd3
Kg7 16. e5 dxe5 17. Nxe5 Nxe5 18. Bxe5 Qd7 19. Qe3 Rhd8 20. a5 Nf5 21. Bxf5 Qxf5
22. axb6 Qxc2 23. d6 Qf5 24. dxe7 Rxd1 25. Bxf6+ Qxf6 26. Nxd1 Qc6 27. Qg3 Re8
28. Ne3 Bc8 29. Nc4 Be6 30. Nd6 1-0

[Event "Sparkassen Open A"]
[Site "Dortmund GER"]
[Date "2012.07.22"]
[Round "9.2"]
[White "Torres-Kuckel, Rafael"]
[Black "Scheider, Julian"]
[Result "0-1"]
[WhiteTitle "FM"]
[WhiteElo "2306"]
[BlackElo "2290"]
[WhiteFideId "4625072"]
[BlackFideId "24601284"]
[EventDate "2012.07.14"]

1. e4 c5 2. Nf3 d6 3. d4 cxd4 4. Nxd4 Nf6 5. Nc3 Nc6 6. Bc4 Qb6 7. Nb3 e6 8. O-O
a6 9. a4 Be7 10. Kh1 O-O 11. f4 Qc7 12. a5 Nd7 13. Qe2 Nc5 14. Bd2 Nxb3 15. Bxb3
Nd4 16. Qf2 Nxb3 17. cxb3 Bd7 18. Rfc1 Bc6 19. Na4 Rae8 20. Nb6 f5 21. Nd5 Qd8
22. Nxe7+ Qxe7 23. e5 dxe5 24. fxe5 f4 25. Rc4 f3 26. g3 Rd8 27. Bb4 Qg5 28. Bd6
Rf5 29. Rd4 h6 30. h4 Qg6 31. g4 Rf7 32. Rc1 h5 33. g5 Rf5 34. Kh2 Rf7 35. b4
Kh7 36. Re1 Qf5 37. Kg3 Rxd6 38. Rxd6 Qf4+ 39. Kh3 Be4 40. Qg3 f2 41. Rf1 Qxg3+
42. Kxg3 Rf3+ 43. Kh2 Bd5 44. Kg2 Rf4+ 45. Kg3 Rf3+ 46. Kg2 Rf5+ 47. Kg3 Rxe5
48. Rxf2 Re3+ 49. Kh2 Re4 50. Kg3 Rg4+ 51. Kh3 Rxb4 52. Rd7 Rb3+ 53. Kh2 Kg6 54.
Rf6+ gxf6 0-1

[Event "Sparkassen Open A"]
[Site "Dortmund GER"]
[Date "2012.07.22"]
[Round "9.3"]
[White "Zatonskih, V."]
[Black "Gindi, Shachar"]
[Result "1/2-1/2"]
[WhiteTitle "FM"]
[WhiteElo "2276"]
[BlackElo "2245"]
[WhiteFideId "14102161"]
[BlackFideId "2804182"]
[EventDate "2012.07.14"]

1. e4 e5 2. Nf3 Nc6 3. Nc3 Nf6 4. d4 exd4 5. Nxd4 Bb4 6. Nxc6 bxc6 7. Bd3 d5 8.
exd5 cxd5 9. O-O O-O 10. Bg5 c6 11. Ne2 h6 12. Bh4 c5 13. c3 Ba5 14. Qc2 Bc7 15.
Bg3 Rb8 16. Rad1 Bg4 17. Rd2 Re8 18. Bf5 Bxf5 19. Qxf5 Bxg3 20. Nxg3 Qa5 21. Nh5
Nxh5 22. Qxh5 Qxa2 1/2-1/2

[Event "Sparkassen Open A"]
[Site "Dortmund GER"]
[Date "2012.07.22"]
[Round "9.5"]
[White "Krueger, Andre"]
[Black "Piepho, Niels"]
[Result "0-1"]
[WhiteElo "2143"]
[BlackElo "2301"]
[WhiteFideId "4665040"]
[BlackFideId "4624262"]
[EventDate "2012.07.14"]

1. c4 g6 2. Nc3 Bg7 3. g3 c5 4. Bg2 Nc6 5. Nf3 d6 6. O-O e5 7. Ne1 Nge7 8. Nc2
O-O 9. Ne3 Rb8 10. Ned5 Nxd5 11. Nxd5 Bg4 12. Ne3 Be6 13. Bd5 Nd4 14. d3 b5 15.
b3 e4 16. Bd2 bxc4 17. dxc4 Bh3 18. Re1 Qe7 19. Rc1 Kh8 20. Nc2 f5 21. Be3 Nxc2
22. Qxc2 g5 23. f4 gxf4 24. Bxf4 e3 25. Rcd1 Be5 26. Bxe5+ dxe5 27. Bg2 Bg4 28.
Qc3 f4 29. gxf4 Rxf4 30. Rd5 Re8 31. Qxe3 Bc8 32. Rf1 Rg4 33. Rxe5 Rxg2+ 34.
Kxg2 Qg7+ 35. Qg5 Rxe5 36. Qxg7+ Kxg7 37. Rd1 Rxe2+ 38. Kf3 Rxa2 39. Rd5 Ra3 40.
Rxc5 Rxb3+ 41. Kf4 Be6 42. Rc7+ Kg6 43. c5 Rc3 44. Ke5 Bh3 45. Kd4 Rc2 46. Rxa7
Rxh2 47. Ke5 Rf2 48. c6 Rf8 49. c7 h5 50. Ra6+ Kg5 51. Rb6 Re8+ 52. Kd4 h4 0-1

[Event "Sparkassen Open A"]
[Site "Dortmund GER"]
[Date "2012.07.22"]
[Round "9.7"]
[White "Brem, Stephan"]
[Black "Webb, Laurence E"]
[Result "0-1"]
[BlackTitle "FM"]
[WhiteElo "2121"]
[BlackElo "2265"]
[WhiteFideId "4617266"]
[BlackFideId "402389"]
[EventDate "2012.07.14"]

1. f4 d5 2. Nf3 c6 3. e3 Bg4 4. Be2 Nd7 5. O-O Ngf6 6. b3 Bxf3 7. Bxf3 e5 8. d4
exd4 9. exd4 Be7 10. Qd3 O-O 11. Be3 Re8 12. Nd2 Bd6 13. g4 Qc7 14. f5 Bxh2+ 15.
Kh1 Bf4 16. Bf2 Bxd2 17. Qxd2 Ne4 18. Bxe4 Rxe4 19. Rg1 Rae8 20. Bg3 Qd8 21. Bf2
Re2 22. Qf4 Qe7 23. Rg2 Nf6 24. Rf1 Rxc2 25. g5 Qe4 26. Qc7 Ng4 0-1

[Event "Sparkassen Open A"]
[Site "Dortmund GER"]
[Date "2012.07.22"]
[Round "9.8"]
[White "Schiefelbusch, Dirk"]
[Black "Kozlov, Alexander GER"]
[Result "1/2-1/2"]
[WhiteElo "2109"]
[BlackElo "2204"]
[WhiteFideId "4694139"]
[BlackFideId "4652908"]
[EventDate "2012.07.14"]

1. b4 a5 2. b5 Nf6 3. Bb2 g6 4. e3 Bg7 5. c4 d6 6. Nf3 O-O 7. Be2 Nbd7 8. d4 e5
9. Nc3 exd4 10. Nxd4 Nc5 11. O-O a4 12. Rc1 Re8 13. Bf3 Nfd7 14. Qc2 Ne5 15. Be2
a3 16. Ba1 Bg4 17. Bxg4 Nxg4 18. Rfd1 Ne5 19. Nd5 Ra4 20. Qe2 c6 1/2-1/2

[Event "Sparkassen Open A"]
[Site "Dortmund GER"]
[Date "2012.07.22"]
[Round "9.9"]
[White "Heinzel, Peter"]
[Black "Braeuer, Karl-Heinz"]
[Result "0-1"]
[WhiteElo "2083"]
[BlackElo "2202"]
[WhiteFideId "24682632"]
[BlackFideId "4677218"]
[EventDate "2012.07.14"]

1. b4 Nf6 2. Bb2 e6 3. a3 d5 4. e3 c5 5. bxc5 Bxc5 6. Nf3 O-O 7. d4 Bd6 8. Nbd2
b5 9. Bd3 a6 10. O-O Bb7 11. Qe2 Nbd7 12. h3 Nb6 13. Rfb1 Na4 14. Nb3 Rb8 15.
Qe1 Qe7 16. Bc1 Rfc8 17. Bd2 Ne4 18. Bb4 Nec3 19. Bxd6 Qxd6 20. Rc1 g6 21. Nc5
Rc7 22. Nxa4 Nxa4 23. Qb4 Qd8 24. Qd2 Rbc8 25. Rcb1 Rc3 26. Ne1 Qd6 27. Rb3 R3c7
28. Qb4 Qd7 29. Qd2 Bc6 30. Qa5 Kg7 31. Qd2 Qd8 32. f4 Be8 33. Qf2 Nb6 34. Kh2
Qd6 35. Nf3 Nc4 36. Ne1 a5 37. Bxc4 Rxc4 38. Qd2 a4 39. Rb2 Qc7 40. Raa2 Qd6 41.
Nd3 Qe7 42. Nc5 f6 43. Rb4 e5 44. dxe5 R4xc5 0-1

[Event "Sparkassen Open A"]
[Site "Dortmund GER"]
[Date "2012.07.22"]
[Round "9.10"]
[White "Kartsev, Soel"]
[Black "Schmuecker, Marcus"]
[Result "1-0"]
[WhiteElo "2198"]
[BlackElo "2173"]
[WhiteFideId "4130561"]
[BlackFideId "4658892"]
[EventDate "2012.07.14"]

1. e4 e6 2. d4 d5 3. e5 c5 4. c3 Nc6 5. Nf3 Qb6 6. a3 Nh6 7. b4 cxd4 8. cxd4 Nf5
9. Bb2 Bd7 10. g4 Nh6 11. h3 f6 12. Bd3 a5 13. b5 Ne7 14. a4 Nf7 15. Nc3 fxe5
16. dxe5 g6 17. Rc1 Rc8 18. Ne2 Bh6 19. Rxc8+ Nxc8 20. Qc2 Qd8 21. h4 Ne7 22. h5
Rf8 23. Bc1 Bg7 24. hxg6 hxg6 25. Bxg6 Qb8 26. Ng5 1-0

[Event "Sparkassen Open A"]
[Site "Dortmund GER"]
[Date "2012.07.22"]
[Round "9.11"]
[White "Ciornei, Dragos"]
[Black "Richters, Marc"]
[Result "1-0"]
[WhiteElo "2182"]
[BlackElo "2045"]
[WhiteFideId "4619200"]
[BlackFideId "24612332"]
[EventDate "2012.07.14"]

1. e4 Nf6 2. e5 Nd5 3. d4 d6 4. Nf3 Bg4 5. Be2 g6 6. h3 Bf5 7. O-O Bg7 8. c4 Nb6
9. exd6 cxd6 10. Nc3 O-O 11. Be3 d5 12. c5 Nc4 13. Bxc4 dxc4 14. Qa4 Bd3 15.
Rfd1 Nc6 16. b3 Nxd4 17. Nxd4 Bxd4 18. Rxd3 cxd3 19. Qxd4 Qxd4 20. Bxd4 Rad8 21.
Be3 e5 22. Bh6 Rfe8 23. Ne4 Re6 24. Nd6 Rd7 25. f3 b6 26. b4 f5 27. Kf2 Rc7 28.
Rc1 f4 29. Nb5 d2 30. Rd1 Rd7 31. Nd6 bxc5 32. bxc5 Rdxd6 33. cxd6 Rxd6 34. Ke2
Ra6 35. Rxd2 Kf7 36. Kd3 Ke6 37. Kc4 Kf5 38. Re2 Re6 39. Kd5 Re7 40. Bf8 Rd7+
41. Bd6 1-0

[Event "Sparkassen Open A"]
[Site "Dortmund GER"]
[Date "2012.07.22"]
[Round "9.12"]
[White "Mundorf, Johannes"]
[Black "Steinmetzer, Thomas"]
[Result "1/2-1/2"]
[WhiteElo "2174"]
[BlackElo "2114"]
[WhiteFideId "24672491"]
[BlackFideId "4689690"]
[EventDate "2012.07.14"]

1. Nf3 Nf6 2. c4 c5 3. g3 Nc6 4. Bg2 e5 5. Nc3 d6 6. d3 Be7 7. O-O O-O 8. a3 h6
9. Ne1 Be6 10. Nc2 d5 11. cxd5 Nxd5 12. Ne3 Nb6 13. b3 Nd4 14. Rb1 Rb8 15. a4 1/2-1/2

[Event "Sparkassen Open A"]
[Site "Dortmund GER"]
[Date "2012.07.22"]
[Round "9.14"]
[White "Pustelny-Conrad, Dieter"]
[Black "Boehm, Juergen2"]
[Result "0-1"]
[WhiteElo "2070"]
[BlackElo "2225"]
[WhiteFideId "24695858"]
[BlackFideId "4606434"]
[EventDate "2012.07.14"]

1. e4 e6 2. d4 d5 3. Nd2 Nf6 4. e5 Nfd7 5. Bd3 c5 6. c3 Nc6 7. Ne2 cxd4 8. cxd4
f6 9. exf6 Nxf6 10. Nf3 Bd6 11. Nc3 O-O 12. Bg5 a6 13. O-O Qc7 14. Bh4 Nh5 15.
Bg3 Nf4 16. Bxf4 Bxf4 17. Qc2 g6 18. a3 Qg7 19. Rad1 Bd6 20. Ne2 Rxf3 21. gxf3
Qh6 22. f4 Nxd4 23. Nxd4 Qxf4 24. f3 Qxd4+ 25. Kh1 Qf6 26. Rd2 Bd7 27. Rg2 Kf7
28. b4 Rc8 29. Qb1 Bb5 30. Bxb5 axb5 31. Qd3 Rc4 32. Qe3 Qd4 33. Qh6 Qh4 34. Qe3
Qh3 35. Qb6 Bxh2 36. Qxb7+ Kf6 37. Qb6 Bc7+ 0-1

[Event "Sparkassen Open A"]
[Site "Dortmund GER"]
[Date "2012.07.22"]
[Round "9.16"]
[White "Chilla, Jan Eric"]
[Black "Lenaerts, Lennert"]
[Result "1-0"]
[WhiteElo "2158"]
[BlackElo "2044"]
[WhiteFideId "24650900"]
[BlackFideId "211435"]
[EventDate "2012.07.14"]

1. Nf3 Nf6 2. g3 g6 3. b3 Bg7 4. Bb2 d6 5. d4 O-O 6. Bg2 Nbd7 7. O-O e5 8. dxe5
Ng4 9. Qd2 Ngxe5 10. c4 a5 11. Nc3 Re8 12. Rad1 a4 13. Nxe5 Nxe5 14. h3 axb3 15.
axb3 Be6 16. Ra1 Qd7 17. Kh2 Nc6 18. Ne4 Qe7 19. Bxg7 Kxg7 20. Qc3+ f6 21. Rxa8
Rxa8 22. Ra1 Rxa1 23. Qxa1 d5 24. cxd5 Bxd5 25. Nxf6 Qxf6 26. Qxf6+ Kxf6 27.
Bxd5 Nd4 28. e3 Ke5 29. Bg8 Nf5 30. Bxh7 Ne7 31. h4 c5 32. Kg2 Kf6 33. h5 gxh5
34. Bd3 Nc6 35. f4 Na5 36. Bc4 b5 37. Bxb5 Nxb3 38. e4 Nd2 39. e5+ Ke6 40. Kf2
c4 41. Ke2 c3 42. Bd3 Kd5 43. Bg6 Ke6 44. Bxh5 Ne4 45. Bg4+ Kf7 46. Bh5+ Ke6 47.
Kd3 Nxg3 48. Bg4+ Ke7 49. Kxc3 Ne4+ 50. Kd4 Nf2 51. Bf5 Nh1 52. Be4 Ng3 53. f5
Ne2+ 54. Ke3 Ng3 55. Kf4 Ne2+ 56. Kg5 Nd4 57. Bd5 Nb5 58. f6+ Kf8 59. e6 Nd4 60.
Kg6 Ke8 61. e7 Kd7 62. Bf7 1-0

[Event "Sparkassen Open A"]
[Site "Dortmund GER"]
[Date "2012.07.22"]
[Round "9.17"]
[White "Hecht, Carsten"]
[Black "Baumhackel, Mario"]
[Result "1/2-1/2"]
[WhiteElo "2050"]
[BlackElo "2126"]
[WhiteFideId "24693928"]
[BlackFideId "4636953"]
[EventDate "2012.07.14"]

1. e4 d5 2. exd5 Qxd5 3. Nc3 Qa5 4. d4 Nf6 5. Bc4 c6 6. Nf3 Bf5 7. Bd2 e6 8. Nd5
Qd8 9. Nxf6+ Qxf6 10. Qe2 Bg4 11. d5 Bxf3 12. gxf3 cxd5 13. Bxd5 Nd7 14. O-O-O
O-O-O 15. Be4 Qe5 16. Bc3 Qc7 17. Kb1 f6 18. f4 Bd6 19. Bg2 Bxf4 20. Qxe6 Kb8
21. Qf5 Be5 22. Bb4 g6 23. Qf3 Nb6 24. Qb3 Qc4 25. Qf3 Qc7 26. Qb3 Qc4 1/2-1/2

[Event "Sparkassen Open A"]
[Site "Dortmund GER"]
[Date "2012.07.22"]
[Round "9.18"]
[White "Hobusch, Jan"]
[Black "Fistoul, Michail"]
[Result "1/2-1/2"]
[WhiteElo "2027"]
[BlackElo "2087"]
[WhiteFideId "12907634"]
[BlackFideId "24662976"]
[EventDate "2012.07.14"]

1. e4 e6 2. Nf3 b6 3. d4 Bb7 4. Bd3 c5 5. c3 Nf6 6. Nbd2 cxd4 7. cxd4 Ba6 8.
Bxa6 Nxa6 9. O-O Be7 10. Qe2 Nc7 11. Ne5 O-O 12. Ndf3 Nfe8 13. Bd2 f6 14. Nd3
Nd6 15. Bb4 a5 16. Bxd6 Bxd6 17. Rac1 Rc8 18. Rc2 Na6 19. Rfc1 Rxc2 20. Qxc2 Qa8
21. Qc4 Qb7 22. e5 Be7 23. exf6 gxf6 24. Nf4 b5 25. Qe2 Rc8 26. Rxc8+ Qxc8 27.
g3 Nc7 28. Nd2 1/2-1/2

[Event "Sparkassen Open A"]
[Site "Dortmund GER"]
[Date "2012.07.22"]
[Round "9.20"]
[White "Joppien, Arne"]
[Black "Eckardt, Joshua"]
[Result "0-1"]
[WhiteElo "2079"]
[BlackElo "2057"]
[WhiteFideId "4637500"]
[BlackFideId "12941646"]
[EventDate "2012.07.14"]

1. d4 Nf6 2. c4 e6 3. Nf3 b6 4. g3 Ba6 5. b3 c6 6. Bg2 d5 7. Qc2 Be7 8. O-O O-O
9. Bb2 Nbd7 10. Nbd2 Rc8 11. e4 c5 12. e5 Ne8 13. dxc5 Bxc5 14. Qd3 dxc4 15.
Nxc4 Nc7 16. Rfd1 Nd5 17. a3 Qe7 18. a4 Rfd8 19. Rac1 Bb4 20. Bd4 Nc5 21. Bxc5
Bxc5 22. Qe4 Bb7 23. Qg4 Nb4 24. Ng5 Bxg2 25. Kxg2 Nd3 26. Rc2 Rd4 27. Qe2 Nb4
28. Rxd4 Bxd4 29. Rd2 Bc3 30. Nd6 Qxg5 31. Nxc8 Qxd2 32. Qxd2 Bxd2 33. Nxa7 Nd5
34. Kf3 Be1 35. Ke2 Bc3 36. f4 f6 37. exf6 gxf6 38. Kd3 Kf7 39. Nc8 Ba5 40. Nd6+
Ke7 41. Nc4 Nb4+ 42. Kc3 Nc6+ 43. Kd3 e5 44. fxe5 Nxe5+ 0-1

[Event "Sparkassen Open A"]
[Site "Dortmund GER"]
[Date "2012.07.22"]
[Round "9.21"]
[White "Faust, Martin"]
[Black "Cebulla, Konstantin"]
[Result "1-0"]
[WhiteElo "2133"]
[BlackElo "1977"]
[WhiteFideId "4623517"]
[BlackFideId "1272025"]
[EventDate "2012.07.14"]

1. d4 e6 2. Nf3 d5 3. Bf4 Nf6 4. e3 Be7 5. Nbd2 O-O 6. Ne5 Nbd7 7. Bd3 c5 8. c3
Re8 9. Qf3 Nf8 10. g4 Bd6 11. Bg5 Ng6 12. Bxg6 fxg6 13. h4 Rf8 14. h5 gxh5 15.
Qh3 Qe8 16. Ndf3 Ne4 17. Bf4 cxd4 18. cxd4 Bb4+ 19. Kf1 b6 20. Qxh5 Qxh5 21.
Rxh5 Ba6+ 22. Kg2 Rac8 23. Rah1 Rc2 24. Bg3 Rxf3 25. Nxf3 h6 26. g5 Nxg5 27.
Nxg5 hxg5 28. Rxg5 Rxb2 29. Be5 Bf8 30. Rh6 Kf7 31. Bxg7 Bxg7 32. Rh7 Rxa2 33.
Rgxg7+ Kf6 34. Rf7+ Kg5 35. Rhg7+ Kh6 36. Rg3 Bd3 37. Rf4 Be4+ 38. Kh3 Bf5+ 39.
Kg2 Be4+ 40. Kf1 Ra1+ 41. Ke2 Ra2+ 42. Kd1 Ra1+ 43. Kd2 Rh1 44. f3 Rh2+ 45. Ke1
Bd3 46. Rf6+ Kh7 47. Rxe6 b5 48. Re7+ Kh8 49. Rxa7 Bc4 50. Rgg7 Re2+ 1-0

[Event "Sparkassen Open A"]
[Site "Dortmund GER"]
[Date "2012.07.22"]
[Round "9.22"]
[White "Rueberg, Jobst"]
[Black "Henkemeier, Michael"]
[Result "1-0"]
[WhiteTitle "FM"]
[WhiteElo "2178"]
[BlackElo "1898"]
[WhiteFideId "4677501"]
[BlackFideId "24611379"]
[EventDate "2012.07.14"]

1. e4 c6 2. d4 d5 3. exd5 cxd5 4. c4 Nf6 5. Nc3 Nc6 6. Bg5 e6 7. Nf3 Be7 8. Bd3
O-O 9. a3 dxc4 10. Bxc4 Nd5 11. Bxe7 Ncxe7 12. Ne4 Bd7 13. O-O Bc6 14. Re1 Rc8
15. Rc1 Qa5 16. Ba2 Nf4 17. Rc5 Qb6 18. Qd2 Neg6 19. b4 Qa6 20. Bc4 b5 21. Bf1
Nd5 22. Qb2 Nb6 23. Qc1 Na4 24. Rc2 Bb7 25. Nfd2 Rxc2 26. Qxc2 Rc8 27. Qd3 Bxe4
28. Nxe4 Nb6 29. Nc5 Nf4 30. Qf3 Rxc5 31. dxc5 Nbd5 32. g3 Ng6 33. Qd3 h6 34.
Rc1 Ne5 35. Qb3 Qc6 36. Bg2 a6 37. Rd1 Nc4 38. Bxd5 exd5 39. Qf3 Ne5 40. Qxd5
Qf6 41. Qd8+ 1-0

[Event "Sparkassen Open A"]
[Site "Dortmund GER"]
[Date "2012.07.22"]
[Round "9.24"]
[White "Pedersen, Lars Wisler"]
[Black "Schnelle, Lukas"]
[Result "1/2-1/2"]
[WhiteElo "1853"]
[BlackElo "2054"]
[WhiteFideId "1417045"]
[BlackFideId "24675350"]
[EventDate "2012.07.14"]

1. e4 c6 2. d4 d5 3. Nc3 dxe4 4. Nxe4 Bf5 5. Ng3 Bg6 6. h4 h6 7. Nf3 Nd7 8. h5
Bh7 9. Bd3 Bxd3 10. Qxd3 e6 11. Bf4 Bb4+ 12. c3 Be7 13. O-O-O Ngf6 14. Ne4 Nxe4
15. Qxe4 Nf6 16. Qe2 Qa5 17. b4 Qb6 18. Be5 a5 19. Bxf6 Bxf6 20. a3 O-O 21. Kb2
axb4 22. axb4 c5 23. Qc4 cxb4 24. Qxb4 Qa6 25. Qb3 Be7 26. Rhe1 Ba3+ 27. Kc2
Rfc8 28. Ra1 b5 29. Ne5 b4 30. c4 f6 31. Ng6 Rxc4+ 32. Kb1 Rac8 33. Ne7+ Kh8 34.
Nxc8 Qxc8 35. Re2 Rc3 36. Qxe6 Rc1+ 37. Ka2 Rc2+ 38. Kb3 Qc3+ 39. Ka4 Rxe2 40.
Qxe2 Qxa1 41. Qe8+ Kh7 42. Qg6+ Kg8 43. Qe8+ Kh7 44. Qg6+ Kg8 45. Qe8+ 1/2-1/2

[Event "Sparkassen Open A"]
[Site "Dortmund GER"]
[Date "2012.07.22"]
[Round "9.25"]
[White "Haase, Thomas Konstantin"]
[Black "Reisberg, Andre"]
[Result "1-0"]
[WhiteElo "1849"]
[BlackElo "1965"]
[WhiteFideId "12916773"]
[BlackFideId "1270630"]
[EventDate "2012.07.14"]

1. Nf3 d5 2. d4 Bf5 3. c4 c6 4. cxd5 cxd5 5. Qb3 Qc8 6. Nc3 e6 7. Bf4 a6 8. Na4
Nc6 9. Nb6 Bb4+ 10. Bd2 Bxd2+ 11. Kxd2 Qd8 12. Nxa8 Qxa8 13. e3 Nf6 14. Bd3 Bxd3
15. Kxd3 Ne4 16. Ke2 O-O 17. Nd2 Rd8 18. Nxe4 dxe4 19. Rhd1 a5 20. a3 Qa6+ 21.
Ke1 Rd5 22. Qc2 f5 23. Rac1 Qb6 24. b3 Qc7 25. g3 Qd6 26. Qa2 g5 27. Rc2 Ne5 28.
Rc8+ Kg7 29. Qc2 Nc6 30. Rc1 Qd7 31. Rxc6 Qxc6 32. Qxc6 bxc6 33. Rxc6 Rb5 34.
Rc3 Kf6 35. Kd2 e5 36. Rc6+ Kf7 37. Kc3 exd4+ 38. exd4 f4 39. Rc5 Rb6 40. Rxg5
fxg3 41. fxg3 Rh6 42. h4 Rc6+ 43. Rc5 Rg6 44. Rf5+ Ke6 45. Re5+ Kd6 46. Rxe4
Rxg3+ 47. Kc4 a4 48. bxa4 Rxa3 49. Kb4 Ra1 50. Kb5 Rb1+ 51. Ka6 Rb8 52. Ka7 Rb4
53. a5 Rb5 54. a6 Rb4 55. Rf4 Kc7 56. Rf7+ Kc6 57. Rxh7 Rxd4 58. h5 Rd6 59. h6
Kb5 60. Rb7+ Ka5 61. h7 Rxa6+ 62. Kb8 Rh6 63. Kc8 Ka6 64. Rc7 Kb5 65. Kd8 Kb6
66. Rd7 Kc5 67. Ke8 Kc6 68. Re7 Kd5 69. Kf8 Kd6 70. Ra7 1-0

[Event "Sparkassen Open A"]
[Site "Dortmund GER"]
[Date "2012.07.22"]
[Round "9.26"]
[White "Heinert, Eugen"]
[Black "Henkemeier, Markus"]
[Result "1-0"]
[WhiteElo "2172"]
[BlackElo "1950"]
[WhiteFideId "24621390"]
[BlackFideId "1271859"]
[EventDate "2012.07.14"]

1. d4 d5 2. Nf3 Nf6 3. c4 c6 4. Nc3 dxc4 5. a4 Bf5 6. e3 e6 7. Bxc4 Bb4 8. O-O
O-O 9. Nh4 Bg4 10. f3 Nd5 11. fxg4 Qxh4 12. e4 Nxc3 13. bxc3 Bxc3 14. Ra3 Ba5
15. Rh3 Qd8 16. g5 g6 17. Ba3 Re8 18. Rhf3 Qxg5 19. Kh1 b5 20. Rxf7 bxc4 21. Qf3
Na6 22. Rd7 Qh6 23. Qf7+ Kh8 24. Bc1 Rf8 25. Bxh6 Rxf7 26. Rfxf7 1-0

[Event "Sparkassen Open A"]
[Site "Dortmund GER"]
[Date "2012.07.22"]
[Round "9.28"]
[White "Begna, Bozidar"]
[Black "Butschek, Marc"]
[Result "0-1"]
[WhiteElo "2088"]
[BlackElo "1943"]
[WhiteFideId "4633555"]
[BlackFideId "4630904"]
[EventDate "2012.07.14"]

1. e4 e6 2. d4 d5 3. Nd2 Nf6 4. Bd3 c5 5. e5 Nfd7 6. c3 Nc6 7. Ne2 f6 8. Nf4 Qe7
9. Nf3 fxe5 10. Nxe5 Ndxe5 11. dxe5 Qf7 12. Qe2 Bd7 13. O-O O-O-O 14. Nh3 Be7
15. Bg5 Bxg5 16. Nxg5 Qf4 17. Nf3 Be8 18. Rfe1 Bh5 19. Qd2 Qxd2 20. Nxd2 h6 21.
h3 Rhf8 22. g4 Be8 23. Kg2 d4 24. Nc4 dxc3 25. Nd6+ Kb8 26. bxc3 Nxe5 27. Rxe5
Rxd6 28. Bc4 Rd2 29. Re2 Bc6+ 30. Kg1 Rxe2 31. Bxe2 Rf4 32. Re1 Bd5 33. c4 Bxc4
34. Bxc4 Rxc4 35. Rxe6 Rd4 36. Kf1 c4 37. Re3 b5 38. a3 Kc7 39. Ke2 Kc6 40. Re7
Rd7 41. Re3 g5 42. h4 Rd4 43. Re6+ Rd6 44. Re3 a5 45. hxg5 hxg5 46. Re8 b4 47.
Rc8+ Kb5 48. a4+ Kxa4 49. Rxc4 Rd5 50. f4 Kb3 51. Re4 gxf4 52. Rxf4 a4 53. Rf5
Kc4 54. Rf8 b3 55. g5 Rxg5 56. Kd2 Kb4 57. Rf4+ Ka3 58. Kc3 Rc5+ 59. Kd2 b2 0-1